000 00274nam a22001217a 4500
008 170815b xxu||||| |||| 00| 0 eng d
041 _aeng
080 _a311
100 _a36
101 _aSTA
245 _aA PRIMER MULTIVARIATE STATISTICS
_cHARRIS.R.J
942 _2udc
_cBK
999 _c23500
_d23500